| 000 -CABECERA |
| campo de control de longitud fija |
00597nam a2200193 4500 |
| 005 - FECHA Y HORA DE LA ÚLTIMA TRANSACCIÓN |
| campo de control |
20211212232734.0 |
| 008 - DATOS DE LONGITUD FIJA--INFORMACIÓN GENERAL |
| campo de control de longitud fija |
211210s1967 pe |||| |||| 001 0 spa d |
| 040 ## - FUENTE DE LA CATALOGACIÓN |
| Centro catalogador/agencia de origen |
CENDOC CAAAP |
| Lengua de catalogación |
spa |
| Centro/agencia transcriptor |
CAAAP |
| 041 ## - CÓDIGO DE LENGUA |
| Código de lengua del texto/banda sonora o título independiente |
spa |
| 050 ## - SIGNATURA TOPOGRÁFICA DE LA BIBLIOTECA DEL CONGRESO |
| Número de clasificación |
PQ 8497 |
| Número de documento/Ítem |
.T26 |
| 245 13 - MENCIÓN DE TÍTULO |
| Título |
La selva en la narración peruana / |
| Mención de responsabilidad, etc. |
presentación y selección Elías Taxa Cuádroz |
| 250 ## - MENCIÓN DE EDICIÓN |
| Mención de edición |
1ra ed. |
| 260 ## - PUBLICACIÓN, DISTRIBUCIÓN, ETC. |
| Lugar de publicación, distribución, etc. |
Lima: |
| Nombre del editor, distribuidor, etc. |
Editorial Continental, |
| Fecha de publicación, distribución, etc. |
1967 |
| 300 ## - DESCRIPCIÓN FÍSICA |
| Extensión |
272 p. |
| 650 #0 - PUNTO DE ACCESO ADICIONAL DE MATERIA--TÉRMINO DE MATERIA |
| 9 (RLIN) |
372 |
| Término de materia o nombre geográfico como elemento de entrada |
Literatura |
| 650 #0 - PUNTO DE ACCESO ADICIONAL DE MATERIA--TÉRMINO DE MATERIA |
| 9 (RLIN) |
1954 |
| Término de materia o nombre geográfico como elemento de entrada |
Cuentos de costumbres |
| Subdivisión geográfica |
Amazonía. |
| 700 1# - PUNTO DE ACCESO ADICIONAL--NOMBRE DE PERSONA |
| 9 (RLIN) |
4551 |
| Nombre de persona |
Taxa Cuádroz, Elías |
| 942 ## - ELEMENTOS PERSONALIZADOS KOHA |
| Fuente del sistema de clasificación o colocación |
|
| Fecha de catalogación |
10 - 12 - 21 |
| Tipo de ítem Koha |
Libros |